[Event "Bronshoj SenSommer A"]
[Site "Bronshoj"]
[Date "2015.09.07"]
[Round "4"]
[White "Bruun, Henrik Emil"]
[Black "Kristiansen, Jesper"]
[Result "1/2-1/2"]
[WhiteElo "2115"]
[BlackElo "2051"]
[PlyCount "91"]
[EventDate "2015.08.20"]
[EventType "swiss"]
[EventRounds "7"]
[EventCountry "DEN"]
[SourceTitle "EXT 2024"]
[Source "ChessBase"]
[SourceDate "2023.10.10"]
[SourceVersion "1"]
[SourceVersionDate "2023.10.10"]
[SourceQuality "1"]

1. e4 d6 2. d4 g6 3. Be3 Bg7 4. Qd2 a6 5. Nc3 b5 6. Bd3 Nd7 7. Nf3 Bb7 8. a4 b4 9. Ne2 c5 10. dxc5 dxc5 11. c3 bxc3 12. Nxc3 Qa5 13. Rc1 Rd8 14. 0-0 Ngf6 15. Nd5 Qxd2 16. Nc7+ Kf8 17. Nxd2 Ng4 18. Rc2 Be5 19. Bxa6 Bxh2+ 20. Kh1 Bxc7 21. Bxb7 Nxe3 22. fxe3 Kg7 23. Nf3 Bd6 24. a5 f6 25. Rd1 h5 26. Bc6 Nb8 27. Bb5 Rc8 28. Ra1 Nc6 29. Bxc6 Rxc6 30. Nd4 Ra6 31. Ne6+ Kf7 32. Nxc5 Rc8 33. b4 Bxc5 34. Rac1 Rb8 35. bxc5 Rxa5 36. Rd1 Rc8 37. Rd5 Ke6 38. Kg1 Rc6 39. Kf2 Ra4 40. Rd4 Ra5 41. Rdc4 Rb5 42. Ke2 Ra5 43. Kd3 Ke5 44. R2c3 h4 45. Ke2 g5 46. Kf3 1/2-1/2